Statistiques concernant Clubs de Bundesliga 1 et 2 2023/24

Cliquez ici pour prendre le quiz!

Statistiques générales

  • Ce quiz a été pris 40 fois
  • Le résultat moyen est 21 sur 36

Statistiques - réponses

LigueClub% Correct
Bundesliga 1Borussia Dortmund
100%
Bundesliga 1Bayer Leverkusen
94%
Bundesliga 1
Bayern Munich
94%
Bundesliga 1Union Berlin
94%
Bundesliga 1Leipzig
88%
Bundesliga 1Wolfsbourg
85%
Bundesliga 1Eintracht Francfort
82%
Bundesliga 1FC Cologne
82%
Bundesliga 1Fribourg
79%
Bundesliga 2Hambourg SV
79%
Bundesliga 1Monchengladbach
79%
Bundesliga 1Stuttgart
79%
Bundesliga 1Mayence
76%
Bundesliga 2Schalke 04
76%
Bundesliga 2Hertha Berlin
74%
Bundesliga 1Hoffenheim
71%
Bundesliga 1Werder Breme
71%
Bundesliga 1Augsbourg
62%
Bundesliga 2Nuremberg
59%
Bundesliga 1Bochum
56%
Bundesliga 2Greuther Furth
56%
Bundesliga 2Hanovre
53%
Bundesliga 2Fortuna Dusseldorf
50%
Bundesliga 1Heidenheim
50%
Bundesliga 1Darmstadt
47%
Bundesliga 2Kaiserslautern
44%
Bundesliga 2Sankt Pauli
38%
Bundesliga 2Hansa Rostock
35%
Bundesliga 2Holstein Kiel
29%
Bundesliga 2Braunschweig
24%
Bundesliga 2Magdebourg
24%
Bundesliga 2Paderborn
24%
Bundesliga 2Elversberg
18%
Bundesliga 2Osnabruck
15%
Bundesliga 2Wehen Wiesbaden
15%
Bundesliga 2Karlsruher
9%

Distribution des résultats

Percentile par nombre de réponses

% des personnes avec chaque résultat

Votre développement - résultats

Vous n’avez pas pris ce quiz